| 000 | 00612cam a22002291 4500 | ||
|---|---|---|---|
| 001 | sa 66004408 | ||
| 003 | DLC | ||
| 005 | 20260227112242.0 | ||
| 008 | 890110s1966 xx 000 0 marr | ||
| 010 | _asa 66004408 | ||
| 035 | _a(OCoLC)23555469 | ||
| 040 |
_aDLC _cMiU _dDLC |
||
| 042 | _apremarc | ||
| 043 | _aa-ii--- | ||
| 050 | 0 | 0 |
_aHG3284 _b.G6 |
| 100 | 1 |
_aGokhale, Ramchandra Mahadeo, _d1917- |
|
| 245 | 1 | 0 | _aBêṅka-vyavasāyācī mūlatattve āṇi Bhāratātīla bênkā. |
| 260 |
_a[n.p. _c1966] |
||
| 300 |
_a7, 316 p. _c22 cm. |
||
| 500 | _aRomanized. | ||
| 650 | 0 |
_aBanks and banking _zIndia. |
|
| 999 |
_c69391 _d69391 |
||